000 00331nam a2200133 i 4500
001 bg
100 1 _aSCHLENBER, B. R.
245 0 _aIntroduction to materials science /
_cB.R. Schlenber.
260 _aNew York :
_bJohn Wiley,
_c1974.
040 _cBPK
041 _apol
942 _cKS
008 s pl f |000 0 pol
999 _c18182
_d18182
856 _uhttp://koha.tu.koszalin.pl/cgi-bin/koha/opac-detail.pl?biblionumber=18182
_yKatalog online BPK